[Event "IND AICF-ch blind 18th"]
[Site "Odisha"]
[Date "2025.04.04"]
[Round "6"]
[White "Prachurya, Kumar Pradhan"]
[Black "Aryan, B Joshi"]
[Result "1/2-1/2"]
[WhiteElo "1747"]
[BlackElo "1952"]
[PlyCount "40"]
[EventDate "2025.04.02"]
[EventType "swiss"]
[EventRounds "9"]
[EventCountry "IND"]
[SourceTitle "CB15_2025"]
[SourceDate "2025.04.09"]
[SourceVersion "1"]
[SourceVersionDate "2025.04.09"]
[SourceQuality "1"]

1. d4 Nf6 2. Nf3 d5 3. e3 c6 4. Bd3 Bg4 5. Nbd2 e6 6. 0-0 Nbd7 7. Re1 Bd6 8. h3 Bh5 9. e4 dxe4 10. Nxe4 Nxe4 11. Rxe4 0-0 12. c3 e5 13. dxe5 Bxf3 14. gxf3 Nxe5 15. Bc2 Qf6 16. Rf4 Qe7 17. Re4 Qc7 18. f4 Ng6 19. f5 Ne5 20. Qh5 g6 1/2-1/2

[Event "Asian-ch Indonesia B1"]
[Site "Cempaka Putih"]
[Date "2018.10.08"]
[Round "3.1"]
[White "Ching, Francis"]
[Black "Prachurya, Kumar Pradhan"]
[Result "1/2-1/2"]
[WhiteElo "1678"]
[BlackElo "1653"]
[PlyCount "120"]
[EventDate "2018.10.07"]
[EventType "swiss"]
[EventRounds "7"]
[EventCountry "INA"]
[SourceTitle "EXT 2024"]
[Source "ChessBase"]
[SourceDate "2023.10.10"]
[SourceVersion "1"]
[SourceVersionDate "2023.10.10"]
[SourceQuality "1"]

1. e4 c6 2. f4 d5 3. e5 Bf5 4. Nf3 e6 5. Be2 c5 6. Bb5+ Nc6 7. Bxc6+ bxc6 8. 0-0 Be7 9. b3 h5 10. Nc3 Nh6 11. Ba3 c4 12. Bb2 Ng4 13. Na4 Qa5 14. h3 Bc5+ 15. Nxc5 Qxc5+ 16. Bd4 Qe7 17. b4 Nh6 18. Bc5 Qd8 19. Nd4 Kd7 20. d3 g5 21. dxc4 g4 22. cxd5 exd5 23. b5 gxh3 24. Nxc6 Qh4 25. Qxd5+ Ke8 26. Bf2 Qg4 27. Rad1 Bd7 28. Qf3 Qxg2+ 29. Qxg2 hxg2 30. Kxg2 Bxc6+ 31. bxc6 Rg8+ 32. Kf3 Rc8 33. Rd6 Nf5 34. Rf6 Ne7 35. Bxa7 Nxc6 36. Be3 Nb4 37. a4 Nxc2 38. a5 Rc3 39. Rc1 Rxe3+ 40. Kf2 Rh3 41. a6 Rh2+ 42. Kf3 Ke7 43. Rb1 Rh3+ 44. Ke4 Re3+ 45. Kd5 Rd8+ 46. Rd6 Rd3+ 47. Kc6 Nd4+ 48. Kb7 Rxd6 49. exd6+ Kxd6 50. a7 Ra3 51. a8Q Rxa8 52. Kxa8 h4 53. Kb7 Kd5 54. Re1 Ne6 55. f5 Ng5 56. Kc7 h3 57. Kd7 Ne4 58. Ke7 f6 59. Rh1 Ke5 60. Rxh3 Kxf5 1/2-1/2

[Event "Asian-ch IBCA Visually Challenged"]
[Site "Udupi"]
[Date "2017.03.23"]
[Round "1.2"]
[White "Prachurya, Kumar Pradhan"]
[Black "Kishan, Gangolli"]
[Result "0-1"]
[WhiteElo "1579"]
[BlackElo "1973"]
[PlyCount "66"]
[EventDate "2017.03.23"]
[EventType "swiss"]
[EventRounds "8"]
[EventCountry "IND"]
[SourceTitle "EXT 2024"]
[Source "ChessBase"]
[SourceDate "2023.10.10"]
[SourceVersion "1"]
[SourceVersionDate "2023.10.10"]
[SourceQuality "1"]

1. d4 d5 2. Nf3 Nf6 3. c4 c6 4. Nc3 g6 5. Bf4 Bg7 6. e3 0-0 7. Be2 a6 8. c5 Bf5 9. h3 Ne4 10. Qb3 Qc8 11. Na4 Nd7 12. g4 Be6 13. Ng5 Nxg5 14. Bxg5 f6 15. Bh4 Bf7 16. g5 f5 17. f4 Qc7 18. Kf1 Rfb8 19. Qc2 b6 20. b4 a5 21. bxa5 bxc5 22. Nxc5 Nxc5 23. Qxc5 Rxa5 24. Qc2 Ra3 25. Bf2 c5 26. Rb1 Rxb1+ 27. Qxb1 cxd4 28. exd4 Qxf4 29. Qb2 Ra4 30. Ke1 Bxd4 31. Bxd4 Rxd4 32. h4 Qg3+ 33. Kf1 Rf4+ 0-1

[Event "IND AICF-ch blind 10th"]
[Site "Mumbai"]
[Date "2014.02.24"]
[Round "2"]
[White "Yudhajeet, De"]
[Black "Prachurya, Kumar Pradhan"]
[Result "0-1"]
[WhiteElo "1531"]
[BlackElo "1673"]
[PlyCount "94"]
[EventDate "2014.02.23"]
[EventType "tourn"]
[EventRounds "13"]
[EventCountry "IND"]
[SourceTitle "CBM 159 Extra"]
[Source "ChessBase"]
[SourceDate "2014.04.24"]
[SourceVersion "1"]
[SourceVersionDate "2014.04.24"]
[SourceQuality "1"]

1. d4 Nf6 2. Bf4 e6 3. e3 b6 4. Bd3 Bb7 5. Nf3 c5 6. c3 Be7 7. h3 d6 8. 0-0 0-0 9. Nbd2 Nbd7 10. e4 Qc7 11. Re1 e5 12. dxe5 Nxe5 13. Nxe5 dxe5 14. Bg3 Rad8 15. Bc2 Ba6 16. Qc1 Nh5 17. Nf1 Nxg3 18. Nxg3 h6 19. Qe3 Bg5 20. Qf3 Rd2 21. Rac1 Rfd8 22. Nf1 Be2 23. Rxe2 Rxe2 24. Qxe2 Bxc1 25. Bb3 Qd6 26. Ng3 Qd3 27. Qh5 c4 28. Ba4 Bxb2 29. Qxe5 Bxc3 30. Qe7 a6 31. Be8 Bf6 32. Qxf7+ Kh8 33. Nh5 Qxe4 34. Nxf6 Qe1+ 35. Kh2 Qe5+ 36. g3 Qxf6 37. Qxf6 gxf6 38. Ba4 b5 39. Bc2 Rd2 40. Bg6 c3 41. Kg2 c2 42. Bxc2 Rxc2 43. a3 a5 44. Kf3 b4 45. axb4 axb4 46. Ke3 b3 47. Kd3 Rc8 0-1

[Event "IND-chB 51st"]
[Site "Bhopal"]
[Date "2013.10.18"]
[Round "8"]
[White "Mahalakshmi, Muganda Kumar"]
[Black "Prachurya, Kumar Pradhan"]
[Result "1-0"]
[WhiteElo "2116"]
[BlackElo "1646"]
[PlyCount "40"]
[EventDate "2013.10.12"]
[EventType "swiss"]
[EventRounds "13"]
[EventCountry "IND"]
[SourceTitle "EXT 2014"]
[Source "ChessBase"]
[SourceDate "2013.11.20"]
[SourceVersion "1"]
[SourceVersionDate "2013.11.20"]
[SourceQuality "1"]

1. d4 Nf6 2. c4 e6 3. Nc3 Bb4 4. e3 b6 5. Nge2 c5 6. a3 Bxc3+ 7. Nxc3 cxd4 8. exd4 d5 9. Bg5 dxc4 10. Qf3 Qxd4 11. Bxf6 Qxf6 12. Qxa8 Qe5+ 13. Qe4 Qd6 14. Bxc4 0-0 15. 0-0 f5 16. Qd3 Qe7 17. Rfe1 Nc6 18. Qe3 f4 19. Bxe6+ Kh8 20. Qe4 Bb7 1-0

[Event "Bhubaneswar KIIT Cup blind"]
[Site "Bhubaneswar"]
[Date "2013.01.28"]
[Round "6"]
[White "Yudhajeet, De"]
[Black "Prachurya, Kumar Pradhan"]
[Result "1/2-1/2"]
[WhiteElo "1591"]
[BlackElo "1579"]
[PlyCount "72"]
[EventDate "2013.01.25"]
[EventType "tourn"]
[EventRounds "13"]
[EventCountry "IND"]
[SourceTitle "EXT 2015"]
[Source "ChessBase"]
[SourceDate "2014.11.20"]
[SourceVersion "1"]
[SourceVersionDate "2014.11.20"]
[SourceQuality "1"]

1. d4 d5 2. c4 c6 3. cxd5 cxd5 4. Nf3 Nf6 5. Nc3 Nc6 6. Bf4 a6 7. e3 Bf5 8. Bd3 Bxd3 9. Qxd3 e6 10. 0-0 Bd6 11. Bxd6 Qxd6 12. Rac1 Rc8 13. a3 0-0 14. Na4 Ne4 15. Nd2 b5 16. Nc5 Nxc5 17. Rxc5 Na5 18. Rfc1 Rxc5 19. dxc5 Qc7 20. a4 Nc4 21. axb5 axb5 22. b3 Nxd2 23. Qxd2 Ra8 24. Qb4 Qc6 25. h3 Ra2 26. Qd4 f6 27. Rd1 Rc2 28. b4 Rc4 29. Qd2 Kf7 30. Kf1 Qa8 31. Rc1 Qc6 32. f3 Ke7 33. Ke2 Qa6 34. Rxc4 dxc4 35. Qd4 Qa2+ 36. Qd2 Qa6 1/2-1/2